00500nam a2200169Ia 4500003000900000008004100009040001600050080001600066100001900082245004800101260003200149300001000181490006100191650003200252650002700284650001900311IN-BaIIA211028s9999 xx 000 0 eng d cIIA Library a621.09bSKI aSkilling, H. H 0aElectric Transmission LinescH. H. Skilling aNew YorkbMcGraw-Hillc1951 a438p. aMcGraw-Hill Electrical and Electronic engineering series aElectric Power Transmission aElectrical Engineering aNASA Thesaurus